Clubs de La Liga (2024-2025) - Statistiques

Statistiques générales
  • Ce quiz a été pris 442 fois
    432 depuis la dernière actualisation
  • Le résultat moyen est 13 sur 20
Statistiques - réponses
% Correct
La Liga Real Madrid
98%
La Liga FC Barcelone
97%
La Liga Atletico Madrid
86%
La Liga FC Séville
85%
La Liga Atheltic Bilbao
83%
La Liga Real Betis
79%
La Liga Real Sociedad
77%
La Liga Girona
71%
La Liga Valence
71%
La Liga Villarreal
69%
La Liga Las Palmas
52%
La Liga Mallorca
52%
La Liga Espanyol Barcelone
49%
La Liga Getafe
49%
La Liga Rayo Vallecano
46%
La Liga Celta Vigo
44%
La Liga Osasuna
43%
La Liga Deportivo Alavés
41%
La Liga Real Valladolid
41%
La Liga Leganès
32%
Aucun quiz correspondant
Distribution des résultats
% des personnes avec chaque résultat
Percentile par nombre de réponses
Votre historique - résultats
Vous n’avez pas pris ce quiz depuis la dernière actualisation